Най-големите държави в света - Statistics

General Stats
  • This quiz has been taken 459 times
  • The average score is 20 of 29
Answer Stats
Island % Correct
Русия
99%
Китай
98%
САЩ
97%
Канада
95%
Бразилия
93%
Индия
92%
Аржентина
89%
Австралия
86%
Мексико
81%
Египет
77%
Казахстан
76%
Монголия
75%
Алжир
72%
Иран
71%
Саудитска Арабия
70%
ЮАР
68%
Индонезия
64%
Нигер
61%
Судан
59%
Либия
59%
Перу
54%
Чад
53%
Колумбия
50%
Боливия
46%
Етиопия
45%
ДР Конго
43%
Мали
43%
Ангола
42%
Мавритания
34%
No matching quizzes found
Score Distribution
Percent of People with Each Score
Percentile by Number Answered
Your Score History
You have not taken this quiz